Online Catalogue and eLibrary

Scattered belongings : (Record no. 195)

MARC details
000 -LEADER
fixed length control field 00804cam a2200265 a 4500
001 - CONTROL NUMBER
control field 4506405
005 - DATE AND TIME OF LATEST TRANSACTION
control field 20240124055701.0
008 - FIXED-LENGTH DATA ELEMENTS--GENERAL INFORMATION
fixed length control field 980504s1999 enka b 001 0 eng
020 ## - INTERNATIONAL STANDARD BOOK NUMBER
ISBN 0415170958
020 ## - INTERNATIONAL STANDARD BOOK NUMBER
ISBN 0415170966 (pbk.)
040 ## - CATALOGING SOURCE (பட்டியலாக்க மூலம்)
Original cataloging agency DLC
Transcribing agency DLC
Modifying agency DLC
082 00 - DDC Classification
Class No. 305.8
DDC Edition Number 21
Item Number - Author Mark JAY.
100 1# - MAIN ENTRY--PERSONAL NAME
Personal name Ifekwunigwe, Jayne O.,
245 10 - TITLE STATEMENT
Title Scattered belongings :
Remainder of title cultural paradoxes of "race," nation and gender /
Statement of responsibility, etc. Jayne O. Ifekwunigwe.
250 ## - EDITION STATEMENT
Edition statement 1st.
260 ## - PUBLICATION, DISTRIBUTION, ETC.
Place of publication, distribution, etc. London ;
-- New York :
Name of publisher, distributor, etc. Routledge,
Date of publication, distribution, etc. 1999.
300 ## - PHYSICAL DESCRIPTION
Extent (e.g. Volumes, Pages etc.) xvii, 221 p. :
650 #0 - SUBJECT ADDED ENTRY--TOPICAL TERM
Topical term or geographic name entry element Racially mixed people.
650 #0 - SUBJECT ADDED ENTRY--TOPICAL TERM
Topical term or geographic name entry element Ethnicity.
650 #0 - SUBJECT ADDED ENTRY--TOPICAL TERM
Topical term or geographic name entry element Cultural pluralism.
650 #0 - SUBJECT ADDED ENTRY--TOPICAL TERM
Topical term or geographic name entry element Race relations.
650 #0 - SUBJECT ADDED ENTRY--TOPICAL TERM
Topical term or geographic name entry element Identity (Psychology)
856 42 - ELECTRONIC LOCATION AND ACCESS
Uniform Resource Identifier <a href="http://www.loc.gov/catdir/enhancements/fy0649/98020493-d.html">http://www.loc.gov/catdir/enhancements/fy0649/98020493-d.html</a>
942 ## - Koha item type (Biblio)
Koha item type Books in Stacks (Lending)
Holdings
Lost status Damaged status Collection code Home library Current library Date acquired Full call number Accession Number Item type
    Lending WERC Library WERC Library 01/24/2024 305.8 JAY. 2955 Books in Stacks (Lending)

© WERC Library